[Event "Southend op"]
[Site "Southend"]
[Date "2007.04.07"]
[Round "4"]
[White "Bonafont, Philip"]
[Black "Allen, Dominic"]
[Result "1/2-1/2"]
[WhiteElo "2106"]
[BlackElo "1964"]
[PlyCount "81"]
[EventDate "2007.04.06"]
[EventType "swiss"]
[EventRounds "7"]
[EventCountry "ENG"]
[SourceTitle "CBM 117 Extra"]
[Source "ChessBase"]
[SourceDate "2007.05.09"]
[SourceVersion "1"]
[SourceVersionDate "2007.05.09"]
[SourceQuality "1"]

1. d4 Nf6 2. Nf3 g6 3. c4 Bg7 4. Nc3 0-0 5. e4 d6 6. Be2 e5 7. 0-0 Nc6 8. d5 Ne7 9. b4 a5 10. Ba3 axb4 11. Bxb4 b6 12. a4 Re8 13. Nd2 Bf8 14. Nb3 c5 15. dxc6 Nxc6 16. Ba3 Ba6 17. Nb5 Bxb5 18. axb5 Na5 19. Nxa5 Rxa5 20. f3 Qc7 21. Bb4 Raa8 22. Ra6 Rab8 23. Qd2 Nh5 24. g3 Ng7 25. Rfa1 Rb7 26. Qd5 Ne6 27. Bc3 Nd4 28. Bxd4 exd4 29. Qc6 Rc8 30. Qxc7 Rcxc7 31. Ra8 Kg7 32. f4 d5 33. exd5 Re7 34. Bd3 Re3 35. Rd1 Rd7 36. Kf2 Bc5 37. Rd2 Bb4 38. Rd1 Bc5 39. Rc8 h5 40. Rc6 Ra7 41. Rd2 1/2-1/2

[Event "Civil Service op"]
[Site "London"]
[Date "2006.11.11"]
[Round "2"]
[White "Allen, Dominic"]
[Black "McCague, Brian L"]
[Result "1/2-1/2"]
[WhiteElo "1880"]
[BlackElo "1728"]
[PlyCount "70"]
[EventDate "2006.11.11"]
[EventType "swiss"]
[EventRounds "5"]
[EventCountry "ENG"]
[SourceTitle "EXT 2008"]
[Source "ChessBase"]
[SourceDate "2007.11.25"]
[SourceVersion "1"]
[SourceVersionDate "2007.11.25"]
[SourceQuality "1"]

1. d4 Nf6 2. c4 e6 3. Nc3 d5 4. cxd5 exd5 5. Bg5 c6 6. e3 Nbd7 7. Bd3 Be7 8. Qc2 0-0 9. Nge2 Re8 10. 0-0 Nf8 11. f3 h6 12. Bh4 c5 13. Bf2 Ne6 14. Rad1 cxd4 15. exd4 Bd7 16. Qb3 Bc6 17. Bb1 Bd6 18. Qc2 Rc8 19. Rfe1 Nf8 20. Ng3 Qc7 21. Nf1 Rxe1 22. Rxe1 Ng6 23. Qb3 Qd7 24. Ng3 Ne7 25. Nf1 Bc7 26. Bg3 Nf5 27. Bf2 Re8 28. Rd1 Bb6 29. Qc2 g6 30. Qd2 Kg7 31. Ng3 Nd6 32. b3 Nb5 33. Nxb5 Bxb5 34. Be3 Ng8 35. a4 Bc6 1/2-1/2

[Event "Porto San Giorgio op 15th"]
[Site "Porto San Giorgo"]
[Date "2003.08.21"]
[Round "1"]
[White "Cioara, Andrei Nestor"]
[Black "Allen, Dominic"]
[Result "1-0"]
[WhiteElo "2394"]
[BlackElo "1978"]
[PlyCount "35"]
[EventDate "2003.08.21"]
[EventType "swiss"]
[EventRounds "9"]
[EventCountry "ITA"]
[SourceTitle "CBM 095 Extra"]
[Source "ChessBase"]
[SourceDate "2003.09.04"]
[SourceVersion "1"]
[SourceVersionDate "2003.09.04"]
[SourceQuality "1"]

1. e4 c5 2. Nf3 d6 3. d4 cxd4 4. Nxd4 Nf6 5. Nc3 a6 6. f3 e5 7. Nb3 Be6 8. Be3 Be7 9. Qd2 Nbd7 10. g4 h6 11. 0-0-0 b5 12. Kb1 Nb6 13. Qf2 Rb8 14. Nc5 Bc8 15. Nd3 Qc7 16. Nb4 Qb7 17. Nxa6 Ra8 18. Bxb6 1-0

[Event "Southend op"]
[Site "London"]
[Date "2002.03.30"]
[Round "3"]
[White "Allen, Dominic"]
[Black "Ledger, Stephen C"]
[Result "0-1"]
[WhiteElo "1864"]
[BlackElo "2168"]
[PlyCount "136"]
[EventDate "2002.03.29"]
[EventType "swiss"]
[EventRounds "7"]
[EventCountry "ENG"]
[SourceTitle "EXT 2006"]
[Source "ChessBase"]
[SourceDate "2005.11.24"]
[SourceVersion "1"]
[SourceVersionDate "2005.11.24"]
[SourceQuality "1"]

1. e4 c5 2. Nc3 Nc6 3. f4 g6 4. Nf3 Bg7 5. Bb5 Nd4 6. Bd3 d6 7. Nxd4 cxd4 8. Ne2 Nf6 9. c3 dxc3 10. bxc3 0-0 11. Bc2 Qc7 12. d4 b6 13. Bd3 Bb7 14. Qc2 Rac8 15. Bb2 e6 16. Rc1 Qc6 17. Ng3 Ng4 18. Qe2 f5 19. 0-0 Nf6 20. e5 dxe5 21. dxe5 Qc5+ 22. Qf2 Qxf2+ 23. Rxf2 Nd5 24. Ne2 Rfd8 25. Nd4 Kf7 26. Rcc2 Bf8 27. g3 Bc5 28. Rfe2 a6 29. a3 Ke7 30. Bc4 Nxc3 31. Bxc3 Bxd4+ 32. Bxd4 Rxd4 33. Bb3 Rcd8 34. Rc7+ R8d7 35. Rec2 Rd3 36. R7c3 Rd1+ 37. Kf2 Be4 38. Re2 Rh1 39. Ke3 Ra1 40. a4 Ra3 41. Rb2 b5 42. axb5 axb5 43. Ke2 Bd5 44. Rd3 Rxb3 45. Rdxb3 Bxb3 46. Rxb3 Rb7 47. Ke3 Kd7 48. Rd3+ Kc7 49. Kd2 h6 50. h4 Ra7 51. Rd6 Ra3 52. Rxe6 Rxg3 53. h5 gxh5 54. Rxh6 Rf3 55. Rxh5 Rxf4 56. Rh7+ Kc6 57. Rh6+ Kd5 58. Rb6 Rd4+ 59. Kc2 Kxe5 60. Rxb5+ Kf4 61. Rb8 Kf3 62. Rf8 f4 63. Rf7 Kg3 64. Rg7+ Kf2 65. Rf7 f3 66. Rf8 Kg2 67. Rf7 f2 68. Rg7+ Kf3 0-1